European Tramdriver Championship Cities - Statistics

General Stats
  • This quiz has been taken 7 times
  • The average score is 15 of 22
Answer Stats
Role Year Flag City % Correct
Host 2013 Hungary Budapest
100%
Winner 2012 Hungary Budapest
100%
Winner 2016 Hungary Budapest
100%
Winner 2024 Hungary Budapest
100%
Host 2015 Austria Vienna
100%
Winner 2023 Austria Vienna
100%
Host 2016 Germany Berlin
86%
Host 2019 Belgium Brussels
86%
Winner 2019 Belgium Brussels
86%
Winner 2013 France Paris
86%
Winner 2017 France Paris
86%
Winner 2018 Sweden Stockholm
86%
Host 2014 Spain Barcelona
71%
Host 2024 Germany Frankfurt
57%
Host 2022 Germany Leipzig
57%
Host 2012 Germany Dresden
43%
Winner 2015 Netherlands Rotterdam
43%
Host 2018 Germany Stuttgart
43%
Host 2023 Romania Oradea
29%
Winner 2022 Germany Hanover
14%
Winner 2014 Spain Parla
14%
Host 2017 Spain Tenerife
14%
No matching quizzes found
Score Distribution
Percent of People with Each Score
Percentile by Number Answered
Your Score History
You have not taken this quiz